| 000 | 00563nam a2200181 a 4500 | ||
|---|---|---|---|
| 001 | 000040853 | ||
| 005 | 20250203093855.0 | ||
| 008 | 130909s2007 dr 000 0 spa d | ||
| 020 | _a9993479578 | ||
| 040 |
_aDO-SdBNP _bspa _cBNPHU |
||
| 082 |
_axxxx _bxxxx |
||
| 100 | 1 |
_aMerejo, Andrés _9469 |
|
| 245 | 1 | 0 |
_aConversaciones en el lago : _bnarraciones filosóficas / _cAndrés Merejo. |
| 250 | _a2a ed. | ||
| 260 |
_aSanto Domingo, : _bImprenta la escalera, _c2007. |
||
| 300 |
_a157 p. : _b22 cm. |
||
| 500 | _aIncluye datos biográficos del autor en las solapas | ||
| 999 |
_c40343 _d40343 |
||